Регионална библиотека "Любен Каравелов" - Русе

Закон за задълженията и договорите (Запис номер 97617)

MARC детайли
000 -Лидер
Контролно поле с фиксирана дължина 01234nam a2200313 c 4500
003 - Код на организацията, давaща контролен номер
Контролно поле BLK
005 - Дата и час на последна редакция
Контролно поле 20200811151454.0
008 - Елементи от данни с фиксирана дължина
fixed length control field 180409b bul|||||r ||||||| ||bul||
010 ## - Наследен системен номер
LC control number KNG00102530000
040 ## - Източник на каталожния запис
Идентификатор на билиотеката - собственик на записа BLK
041 ## - Код за език
Код за езика на текст/звукозапис или на отделно заглавие Български
Код за езика КДБФ Български
080 ## - УДК
Текстов определител УДК Основни задачи на общественото управление
УДК код - определител по УДК 351
УДК определител :347.4(497.2)(094.5)
УДК - код + определител 351:347.4(497.2)(094.5)
110 1# - Редна дума - колетивен орган
Редна дума - наименование на организация или юридическо лице България. Закони и др. п.
9 (RLIN) 243213
139 ## - Редно поле
Редна дума България. Закони и др. п.
Авторски знак Бъл - Б 92
245 10 - Сведения за заглавието
Заглавие Закон за задълженията и договорите
Подзаглавни данни С всички изм. и доп.
257 ## - Страна на издаване
Страна на създаване/издаване България
260 ## - Област на издателските данни
-- София
Име на издателя, разпространителя и проч. Паралакс
Година на издаване 2002
Печатница София : Симолини 94
300 ## - Физическа характеристика
Страници 60 с.
Размери/Мащаб 20 см
380 ## - Жанр
Жанр Обществени науки
490 1# - СЕРИИ (Колекции)
Име на серия Българско законодателство
500 ## - Общи забележки
Забележка В кн. означено 2. изд.
650 #4 - Допълнително описание по предмет – тема
Основно описание – тема или топоним Договори - България - законодателни и директивни материали
9 (RLIN) 249120
653 ## - Ключова дума – ненормативна
Ключова дума гражданско право
852 ## - Местоположение
Форматна сигнатура Цб 212124
856 4# - Електронен адрес и достъп
Електронен формат pdf - файл
Път до файла /url/
856 4# - Електронен адрес и достъп
Електронен формат pdf - файл
Път до файла /url/
942 ## - АРТИКУЛИ
Вид на библиотечния материал Книги
Скрит в OPAC Не
Koha issues (borrowed), all copies 1
944 ## - СЪЗДАВАНЕ И РЕДАКЦИЯ на ЗАПИСА
Създаване/Редакция Създаване
Дата на регистрацията/редакция 01.01.2002
Служител, извършил регистрацията/редакцията Цветанка_Енчева
944 ## - СЪЗДАВАНЕ И РЕДАКЦИЯ на ЗАПИСА
Създаване/Редакция Редакция
Дата на регистрацията/редакция 27.08.2003
Служител, извършил регистрацията/редакцията
999 ## - СИСТЕМНИ КОНТРОЛНИ НОМЕРА
Koha biblionumber 97617
Koha biblioitemnumber 97617
Наличности
Код за отписване Код за изгубен артикул Източник на класификационната схема Код за повреда Коз за рестрикции Код за отдаване Артикулен № Име на библиотеката - собственик Име на библиотеката, в която се намира в момента Статус (Текущо местоположение) Дата на вписване в системата Местоположение - отдел Цена в лева Инвентарен номер Систематично азбучна сигнатура Баркод Номер на екземпляра Цена в евро Служебна бележка Служебен тип на артикула
Изтеглен Не е изгубен Universal Decimal Classification Не е повреден без рестрикции заемане за дома 156780 Регионална библиотека "Любен Каравелов" Русе Регионална библиотека "Любен Каравелов" Русе Заемна - подръчен фонд 2002-07-19 Заемна - подръчен фонд 1.00 120000671132 П 351/Б 92 120000671132 1 0.51 Дост: Pk Вид: Ф N: 38 Дата: 18.07.2002 Дата инв: 30.01.2015 Бележки инв: П2015 Книги
  Не е изгубен   Не е повреден без рестрикции ползва се в читалня 156781 Регионална библиотека "Любен Каравелов" Русе Регионална библиотека "Любен Каравелов" Русе Хранилище 2003-07-30 Хранилище 1.20 120000677988 Цб 212124 120000677988 2 0.61 Дост: Dp Вид: Д N: 34 Дата: 14.08.2002 Книги
Vip Innovations Ltd, Rousse, Bulgaria 2025